Guess the Famous People from their Eyes #15 - Statistics

General Stats
  • This quiz has been taken 316 times
  • The average score is 6 of 16
Answer Stats
Picture Answer % Correct
Elon Musk
82%
Jason Momoa
77%
Kris Jenner
72%
Sofía Vergara
65%
Nicolas Cage
64%
Keegan-Michael Key
44%
Sia
43%
Gwen Stefani
36%
America Ferrera
33%
Franklin D. Roosevelt
28%
Sophia Loren
26%
Jaime Pressly
16%
Dr. Dre
13%
Terrence Howard
12%
Lily James
7%
Sir Alex Ferguson
7%
No matching quizzes found
Score Distribution
Percent of People with Each Score
Percentile by Number Answered
Your Score History
You have not taken this quiz